zpět

Detail výsledku týmu

Barcelounoc - Vinohrady, Praha

Datum a čas kvízu

18.5 Celkem bodů Celkový počet nahraných bodů na tomto kvízu bez doplňovacích otázek.
8. Pořadí na kvízu Konečné umístění týmu na tomto kvízu.

Zaznamenané odpovědi

# Otázka Odpověď Body Výsledky
1. Minulý týden rozbouřil vody če... Vondráček s kolegou vyskočili na předsednický pult a hráli na kytary. 0
2. Je všeobecně známo, že Čína dl... turisté prý špatně snášejí vysokou nadmořskou výšku 0
3. 4. březen se zřejmě stane čern... Luke Perry, Keith Flint 0
4. Švédská automobilka Volvo omez... 180 km/h 0
5. Ve středečních zápasech Ligy m... Penalty byly nařízeny s pomocí videa. 1
6. V prvních čtyřech otázkách tém... Božena Němcová, Babička 1
7. „Vstávej!“ ...Meduna krásně př... Karel Poláček, Muži v offsidu 0
8. Zde prosíme celé jméno autora... Josef Čapek, Povídání o pejskovi a kočičce 1
9. Zde nejde o první větu, ale je... Vladislav Vančura, Rozmarné léto 1
10. "V jednom kupé druhé třídy ryc... B 1